| Tag |
First Indicator |
Second Indicator |
Subfields |
| LEADER |
00000cas a2200000 a 4500 |
| 001 |
in00000083255 |
| 005 |
20151008061208.0 |
| 008 |
810819d19812001njutr1p 0 a0eng d |
| 010 |
|
|
|a 82643315
|z sn 82021002
|
| 022 |
0 |
|
|a 0732-9334
|
| 035 |
|
|
|a (OCoLC)ocm07680643
|
| 035 |
|
|
|a (OCoLC)07680643
|
| 035 |
|
|
|9 AAJ7524AM
|
| 037 |
|
|
|b Division of Research, Stillman School of Business, Seton Hall University, South Orange, N.J. 07079-2692
|
| 040 |
|
|
|a IND
|c IND
|d NYS
|d NST
|d DLC
|d NSD
|d DLC
|d NST
|d NSD
|d NST
|d AIP
|d NST
|d AIP
|d NSD
|d NST
|d OCL
|d GUA
|d IUL
|d HUL
|d OCLCQ
|d UtOrBLW
|
| 042 |
|
|
|a lc
|a nsdp
|
| 049 |
|
|
|a TXAM
|
| 050 |
0 |
0 |
|a HF5001
|b .J58
|
| 082 |
0 |
|
|a 650/.05
|
| 210 |
0 |
|
|a Mid-Atl. j. bus.
|
| 222 |
|
4 |
|a The Mid-Atlantic journal of business
|
| 245 |
0 |
4 |
|a The Mid-Atlantic journal of business /
|c Division of Research, Stillman School of Business, Seton Hall University.
|
| 264 |
|
1 |
|a [South Orange, N.J.] :
|b The Division,
|c ©1981-©2001.
|
| 300 |
|
|
|a volumes :
|b illustrations ;
|c 23 cm.
|
| 310 |
|
|
|a 3 times a year,
|b <Mar. 1992- >
|
| 321 |
|
|
|a Semiannual,
|b winter 1980/81-
|
| 336 |
|
|
|a text
|b txt
|2 rdacontent
|
| 337 |
|
|
|a unmediated
|b n
|2 rdamedia
|
| 338 |
|
|
|a volume
|b nc
|2 rdacarrier
|
| 362 |
0 |
|
|a Vol. 19, no. 1 (winter 1980/81)-v. 37, no. 4 (Dec. 2001).
|
| 500 |
|
|
|a Title from caption.
|
| 650 |
|
0 |
|a Business
|v Periodicals.
|
| 650 |
|
0 |
|a Industrial management
|v Periodicals.
|
| 650 |
|
0 |
|a Economics
|v Periodicals.
|
| 710 |
2 |
|
|a Stillman School of Business.
|b Division of Research.
|
| 780 |
0 |
0 |
|t Journal of business (South Orange, N.J.)
|x 0021-9401
|w (DLC) 76203023
|w (OCoLC)1799904
|
| 850 |
|
|
|a AAP
|a AU
|a CaOLU
|a CaOWA
|a CoFS
|a DLC
|a DeU
|a FU
|a GU
|a IEN
|a IU
|a IaAS
|a InLP
|a InU
|a KyU
|a MChB
|a MH-BA
|a MiEM
|a MoU
|a NIC
|a NjR
|a OCU
|a OU
|a P
|a TxCM
|a ViBlbV
|a WyU
|
| 994 |
|
|
|a C0
|b TXA
|
| 999 |
|
|
|a MARS
|
| 999 |
f |
f |
|s d8170b11-3383-36b4-a025-73aa9a6f26da
|i bfc128c1-8f8e-3925-9f82-d83739c41e1c
|t 0
|
| 952 |
f |
f |
|p ric
|a Texas A&M University
|b Rellis Campus
|c Joint Library Facility
|d Remote Storage
|t 0
|e HF5001 .J58
|h Library of Congress classification
|i unmediated -- volume
|k v.19 -v.22
|l 1980/1981-1982/1983
|m A14818755551
|
| 952 |
f |
f |
|p ric
|a Texas A&M University
|b Rellis Campus
|c Joint Library Facility
|d Remote Storage
|t 0
|e HF5001 .J58
|h Library of Congress classification
|i unmediated -- volume
|k v.28
|l 1992
|m A14817192302
|
| 952 |
f |
f |
|p ric
|a Texas A&M University
|b Rellis Campus
|c Joint Library Facility
|d Remote Storage
|t 0
|e HF5001 .J58
|h Library of Congress classification
|i unmediated -- volume
|k v.26
|l 1989/1990
|m A14815090994
|
| 952 |
f |
f |
|p ric
|a Texas A&M University
|b Rellis Campus
|c Joint Library Facility
|d Remote Storage
|t 0
|e HF5001 .J58
|h Library of Congress classification
|i unmediated -- volume
|k v.35
|l 1999
|m A14826429059
|
| 952 |
f |
f |
|p ric
|a Texas A&M University
|b Rellis Campus
|c Joint Library Facility
|d Remote Storage
|t 0
|e HF5001 .J58
|h Library of Congress classification
|i unmediated -- volume
|k v.30
|l 1994
|m A14819293057
|
| 952 |
f |
f |
|p ric
|a Texas A&M University
|b Rellis Campus
|c Joint Library Facility
|d Remote Storage
|t 0
|e HF5001 .J58
|h Library of Congress classification
|i unmediated -- volume
|k v.22 -v.24
|l 1983/1984-1985/1986
|m A14811783537
|
| 952 |
f |
f |
|p ric
|a Texas A&M University
|b Rellis Campus
|c Joint Library Facility
|d Remote Storage
|t 0
|e HF5001 .J58
|h Library of Congress classification
|i unmediated -- volume
|k v.32
|l 1996
|m A14822181358
|
| 952 |
f |
f |
|p ric
|a Texas A&M University
|b Rellis Campus
|c Joint Library Facility
|d Remote Storage
|t 0
|e HF5001 .J58
|h Library of Congress classification
|i unmediated -- volume
|k v.37:no.2-4
|l 2001:June-Dec
|m A14828589025
|
| 952 |
f |
f |
|p ric
|a Texas A&M University
|b Rellis Campus
|c Joint Library Facility
|d Remote Storage
|t 0
|e HF5001 .J58
|h Library of Congress classification
|i unmediated -- volume
|k v.33
|l 1997
|m A14823647844
|
| 952 |
f |
f |
|p ric
|a Texas A&M University
|b Rellis Campus
|c Joint Library Facility
|d Remote Storage
|t 0
|e HF5001 .J58
|h Library of Congress classification
|i unmediated -- volume
|k v.37:no.1
|l 2001:Mar.
|m A14828187077
|
| 952 |
f |
f |
|p ric
|a Texas A&M University
|b Rellis Campus
|c Joint Library Facility
|d Remote Storage
|t 0
|e HF5001 .J58
|h Library of Congress classification
|i unmediated -- volume
|k v.25
|l 1988/1989
|m A14812092206
|
| 952 |
f |
f |
|p ric
|a Texas A&M University
|b Rellis Campus
|c Joint Library Facility
|d Remote Storage
|t 0
|e HF5001 .J58
|h Library of Congress classification
|i unmediated -- volume
|k v.29
|l 1993
|m A14818750925
|
| 952 |
f |
f |
|p ric
|a Texas A&M University
|b Rellis Campus
|c Joint Library Facility
|d Remote Storage
|t 0
|e HF5001 .J58
|h Library of Congress classification
|i unmediated -- volume
|k v.31
|l 1995
|m A14820123964
|
| 952 |
f |
f |
|p ric
|a Texas A&M University
|b Rellis Campus
|c Joint Library Facility
|d Remote Storage
|t 0
|e HF5001 .J58
|h Library of Congress classification
|i unmediated -- volume
|k v.34
|l 1998
|m A14824934260
|
| 952 |
f |
f |
|p ric
|a Texas A&M University
|b Rellis Campus
|c Joint Library Facility
|d Remote Storage
|t 0
|e HF5001 .J58
|h Library of Congress classification
|i unmediated -- volume
|k v.36
|l 2000
|m A14828168227
|
| 952 |
f |
f |
|p ric
|a Texas A&M University
|b Rellis Campus
|c Joint Library Facility
|d Remote Storage
|t 0
|e HF5001 .J58
|h Library of Congress classification
|i unmediated -- volume
|k v.27
|l 1991
|m A14816062245
|
| 998 |
f |
f |
|a HF5001 .J58
|s v.19-37 (1980-2001)
|t 0
|l Remote Storage
|